000 00591nam a22001697a 4500
003 OSt
005 20171010095515.0
008 120814t xxu||||| |||| 00| 0 eng d
040 _aMMSU
_cULS
100 _aNicolas, Marlene T.
_912152
245 _aPagsusuri sa mga simbolong ginamit sa mga piling maikling kuwentong Iluko sa "Kurditan"
_cMarlene T. Nicolas
260 _c2000
300 _axv, 326 leaves
_c28 cm.
500 _aThesis (MA Education-Filipino) -- Mariano Marcos State University-Graduate School, Laoag City
504 _aBibliography: leaves 149-153
942 _2ddc
_cTHEDIS
999 _c9729
_d9729